[Event "Masters invitational"]
[Site "Winnipeg CAN"]
[Date "1998.08.15"]
[Round "2"]
[White "Henson, Joshua"]
[Black "Baragar, Fletcher"]
[Result "1/2-1/2"]
[WhiteElo "2035"]
[BlackElo "2360"]
[PlyCount "56"]
[GameId "2160767911806510"]
[EventDate "1998.08.14"]
[EventType "tourn"]
[EventRounds "8"]
[EventCountry "CAN"]

1. e4 e6 2. d4 d5 3. Nd2 Nf6 4. e5 Nfd7 5. f4 c5 6. c3 Nc6 7. Ndf3 cxd4 8. cxd4 Qb6 9. g3 Be7 10. Ne2 O-O 11. Bh3 f6 12. Bxe6+ Kh8 13. exf6 Bb4+ 14. Kf1 Nxf6 15. Bxc8 Raxc8 16. Kg2 Ne4 17. Qd3 Na5 18. Ne5 Qa6 19. Be3 Qxd3 20. Nxd3 Nc4 21. Nxb4 Nxe3+ 22. Kf3 Nc2 23. Nxc2 Rxc2 24. b3 Ng5+ 25. Kf2 Nh3+ 26. Kf3 Ng5+ 27. Kf2 Nh3+ 28. Kf3 Ng5+ 1/2-1/2

[Event "Masters invitational"]
[Site "Winnipeg CAN"]
[Date "1998.08.15"]
[Round "2"]
[White "Rasmussen, Barry"]
[Black "Prystenski, Arthur"]
[Result "1-0"]
[WhiteElo "2195"]
[BlackElo "2210"]
[PlyCount "55"]
[GameId "2160767911806511"]
[EventDate "1998.08.14"]
[EventType "tourn"]
[EventRounds "8"]
[EventCountry "CAN"]

1. e4 e6 2. b3 d5 3. Bb2 dxe4 4. Nc3 f5 5. f3 exf3 6. Nxf3 Nd7 7. Qe2 Nb6 8. g3 Be7 9. Bg2 Bf6 10. a4 Ne7 11. a5 Nbd5 12. a6 bxa6 13. Ne5 O-O 14. Na4 Rb8 15. Nc5 Nb4 16. d4 Bxe5 17. dxe5 f4 18. O-O fxg3 19. hxg3 Rxf1+ 20. Rxf1 Nf5 21. Qf2 Qe7 22. Ne4 Rb6 23. g4 Nh4 24. Bd4 Ng6 25. Bc5 Qe8 26. Ng5 Rb5 27. Be4 Nf4 28. Bxh7+ 1-0

[Event "Masters invitational"]
[Site "Winnipeg CAN"]
[Date "1998.08.15"]
[Round "3"]
[White "Baragar, Fletcher"]
[Black "Rasmussen, Barry"]
[Result "0-1"]
[WhiteElo "2360"]
[BlackElo "2195"]
[PlyCount "75"]
[GameId "2160767911806512"]
[EventDate "1998.08.14"]
[EventType "tourn"]
[EventRounds "8"]
[EventCountry "CAN"]

1. e4 e5 2. Nf3 Nc6 3. d4 exd4 4. Nxd4 Bb4+ 5. c3 Bc5 6. Be3 Bb6 7. Bc4 d6 8. O-O Nf6 9. Nd2 Ng4 10. Nxc6 bxc6 11. Bd4 O-O 12. h3 Ne5 13. Be2 Qe7 14. a4 Ng6 15. f4 Qf6 16. Bxb6 axb6 17. Bg4 Ba6 18. Be2 Bxe2 19. Qxe2 Nxf4 20. Qg4 g5 21. h4 h5 22. Qxg5+ Qxg5 23. hxg5 Ne6 24. Rf5 Ra5 25. Rxa5 bxa5 26. Rf1 Nc5 27. Nc4 Nxa4 28. Nxa5 Nxb2 29. Nxc6 Re8 30. Re1 Nd3 31. Re3 Nc5 32. e5 Nd7 33. Rh3 Nxe5 34. Nd4 Ng4 35. Kf1 Ne3+ 36. Kf2 Nd5 37. c4 Nf4 38. Re3 0-1

[Event "Masters invitational"]
[Site "Winnipeg CAN"]
[Date "1998.08.15"]
[Round "3"]
[White "Prystenski, Arthur"]
[Black "Gentes, Kevin"]
[Result "1/2-1/2"]
[WhiteElo "2210"]
[BlackElo "2378"]
[PlyCount "94"]
[GameId "2160767911806513"]
[EventDate "1998.08.14"]
[EventType "tourn"]
[EventRounds "8"]
[EventCountry "CAN"]

1. d4 Nf6 2. c4 g6 3. Nf3 Bg7 4. g3 O-O 5. Bg2 d6 6. O-O Nbd7 7. Nc3 e5 8. e4 c6 9. h3 Qb6 10. c5 dxc5 11. dxe5 Ne8 12. e6 fxe6 13. Ng5 Ne5 14. f4 Nf7 15. Nxf7 Bd4+ 16. Kh2 Rxf7 17. e5 Nc7 18. Ne4 Nd5 19. Qe2 Qc7 20. h4 Qe7 21. h5 b6 22. Ng5 Rg7 23. h6 Rf7 24. Nxf7 Qxf7 25. Be4 a5 26. Bd2 Ba6 27. Bd3 Bxd3 28. Qxd3 Bxb2 29. Rab1 Bd4 30. a4 Qf8 31. Kg2 Qxh6 32. f5 Qh5 33. fxg6 Qxg6 34. Qe2 Kh8 35. Rb3 Rg8 36. Rbf3 Ne7 37. Bf4 Nf5 38. Rh1 Qg4 39. Qe4 Rc8 40. Qd3 Rg8 41. Qe4 Nh4+ 42. Rxh4 Qxh4 43. Qxc6 Qg4 44. Qxb6 Qg6 45. Qxa5 Rb8 46. Bd2 Qe4 47. Qa6 Qd5 1/2-1/2

[Event "Masters invitational"]
[Site "Winnipeg CAN"]
[Date "1998.08.16"]
[Round "4"]
[White "Gentes, Kevin"]
[Black "Henson, Joshua"]
[Result "1/2-1/2"]
[WhiteElo "2378"]
[BlackElo "2035"]
[PlyCount "85"]
[GameId "2160767911806514"]
[EventDate "1998.08.14"]
[EventType "tourn"]
[EventRounds "8"]
[EventCountry "CAN"]

1. Nf3 f5 2. c4 Nf6 3. g3 g6 4. Bg2 Bg7 5. O-O O-O 6. Nc3 d6 7. d4 Qe8 8. d5 a5 9. Nd4 Na6 10. b3 Nc5 11. Bb2 Nfe4 12. Nxe4 Nxe4 13. Qc2 Nc5 14. Nb5 Qd8 15. Bxg7 Kxg7 16. a3 e5 17. b4 Na6 18. Rab1 Bd7 19. Nc3 Qe7 20. Qd2 f4 21. Ne4 Bf5 22. Rb2 b6 23. Qc3 g5 24. Rc1 h5 25. Nd2 h4 26. gxf4 gxf4 27. Kh1 Rf6 28. Be4 Qd7 29. Rg1+ Kf7 30. Qd3 axb4 31. axb4 Rg8 32. Rxg8 Kxg8 33. Rb1 Bxe4+ 34. Nxe4 Rg6 35. c5 Qg4 36. Nf6+ Rxf6 37. Rg1 Qxg1+ 38. Kxg1 Nxb4 39. Qb5 bxc5 40. Qb8+ Kg7 41. Qxc7+ Kg6 42. Qb7 Kg5 43. Kg2 1/2-1/2

[Event "Masters invitational"]
[Site "Winnipeg CAN"]
[Date "1998.08.16"]
[Round "4"]
[White "Prystenski, Arthur"]
[Black "Baragar, Fletcher"]
[Result "1-0"]
[WhiteElo "2210"]
[BlackElo "2360"]
[PlyCount "97"]
[GameId "2160767911806515"]
[EventDate "1998.08.14"]
[EventType "tourn"]
[EventRounds "8"]
[EventCountry "CAN"]

1. d4 Nf6 2. Nf3 b6 3. Nc3 Bb7 4. Bg5 c5 5. d5 d6 6. e4 Nbd7 7. Bc4 a6 8. a4 g6 9. h3 Bg7 10. O-O O-O 11. Qd2 Ne8 12. Bh6 Nc7 13. Bxg7 Kxg7 14. Rad1 Rb8 15. Rfe1 f6 16. Bf1 Bc8 17. Nh2 b5 18. Ng4 bxa4 19. Nxa4 Rb4 20. b3 Ne5 21. Nh2 Bd7 22. f4 Nf7 23. Nb2 Qb8 24. Nf3 e5 25. dxe6 Bxe6 26. Nd3 Rb6 27. e5 Qd8 28. Qf2 fxe5 29. Nxc5 Rc6 30. Nxe6+ Nxe6 31. fxe5 Nfg5 32. Nxg5 Qxg5 33. Qe3 Qxe3+ 34. Rxe3 dxe5 35. Rxe5 Kf6 36. Re3 g5 37. Bd3 h5 38. Rf1+ Kg7 39. Rxf8 Kxf8 40. Re5 h4 41. Bc4 Nd4 42. c3 Nb5 43. Rxg5 Nxc3 44. Ra5 Rd6 45. Rxa6 Rd1+ 46. Kf2 Ne4+ 47. Kf3 Ng3 48. Rf6+ Kg7 49. Rf4 1-0

[Event "Masters invitational"]
[Site "Winnipeg CAN"]
[Date "1998.08.16"]
[Round "4"]
[White "Rasmussen, Barry"]
[Black "Kollar, Frank"]
[Result "1/2-1/2"]
[WhiteElo "2195"]
[BlackElo "2233"]
[PlyCount "56"]
[GameId "2160767911806516"]
[EventDate "1998.08.14"]
[EventType "tourn"]
[EventRounds "8"]
[EventCountry "CAN"]

1. e4 c5 2. Nc3 Nc6 3. f4 g6 4. Nf3 Bg7 5. Bb5 Nd4 6. O-O a6 7. Bd3 d6 8. Ne2 Bg4 9. Nexd4 cxd4 10. Qe1 Bxf3 11. Rxf3 e6 12. f5 Nf6 13. fxe6 fxe6 14. Bc4 O-O 15. Bxe6+ Kh8 16. d3 Qe7 17. Bb3 Ng4 18. Qg3 Rxf3 19. gxf3 Ne3 20. f4 Rf8 21. Bxe3 dxe3 22. Qxe3 Qh4 23. Rf1 g5 24. Qg3 Bd4+ 25. Kg2 Qh5 26. Rf3 gxf4 27. Rxf4 Qe2+ 28. Kh3 Qh5+ 1/2-1/2

[Event "Masters invitational"]
[Site "Winnipeg CAN"]
[Date "1998.08.16"]
[Round "5"]
[White "Baragar, Fletcher"]
[Black "Gentes, Kevin"]
[Result "1/2-1/2"]
[WhiteElo "2360"]
[BlackElo "2378"]
[PlyCount "58"]
[GameId "2160767911806517"]
[EventDate "1998.08.14"]
[EventType "tourn"]
[EventRounds "8"]
[EventCountry "CAN"]

1. c4 e5 2. Nc3 d6 3. g3 g6 4. Bg2 Bg7 5. d3 Nc6 6. e3 Be6 7. Rb1 Qd7 8. b4 Nge7 9. Nd5 Nd8 10. Ne2 Nc8 11. b5 c6 12. bxc6 bxc6 13. Ndc3 Bh3 14. Bxh3 Qxh3 15. Ba3 Qg2 16. Rf1 Qh3 17. Qa4 O-O 18. Ne4 Qd7 19. Qb4 a5 20. Qa4 f5 21. N4c3 Qa7 22. Kd2 Rf7 23. h4 Bh6 24. Kc2 Qc7 25. Qb3 Bf8 26. Na4 Ne6 27. Bc1 Bg7 28. Bd2 Kh8 29. Bc3 Nd8 1/2-1/2

[Event "Masters invitational"]
[Site "Winnipeg CAN"]
[Date "1998.08.16"]
[Round "5"]
[White "Henson, Joshua"]
[Black "Rasmussen, Barry"]
[Result "0-1"]
[WhiteElo "2035"]
[BlackElo "2195"]
[PlyCount "74"]
[GameId "2160767911806518"]
[EventDate "1998.08.14"]
[EventType "tourn"]
[EventRounds "8"]
[EventCountry "CAN"]

1. e4 c5 2. Nf3 e6 3. d4 cxd4 4. Nxd4 Nf6 5. Nc3 Nc6 6. Be2 Bb4 7. O-O O-O 8. Bf3 Bxc3 9. bxc3 Qa5 10. Nxc6 dxc6 11. Qd4 c5 12. Qc4 e5 13. Be3 b6 14. Rfd1 Be6 15. Qd3 c4 16. Qd6 Qxc3 17. Bd2 Qxc2 18. Qxe5 Rad8 19. Bh6 Rxd1+ 20. Rxd1 gxh6 21. Qxf6 c3 22. h3 Qb2 23. g4 Bxa2 24. Qxh6 c2 25. Rc1 Rc8 26. Kg2 Qe5 27. Qd2 Bb3 28. Qd7 Rc7 29. Qd3 Qf4 30. Qd8+ Kg7 31. g5 Be6 32. Qd4+ Kg6 33. h4 Bh3+ 34. Kxh3 Qxf3+ 35. Kh2 Qf4+ 36. Kh3 Kh5 37. Rh1 c1=Q 0-1

[Event "Masters invitational"]
[Site "Winnipeg CAN"]
[Date "1998.08.16"]
[Round "5"]
[White "Kollar, Frank"]
[Black "Prystenski, Arthur"]
[Result "1/2-1/2"]
[WhiteElo "2230"]
[BlackElo "2210"]
[PlyCount "78"]
[GameId "2160767911806519"]
[EventDate "1998.08.14"]
[EventType "tourn"]
[EventRounds "8"]
[EventCountry "CAN"]

1. d4 e6 2. e4 d5 3. Nc3 Nf6 4. e5 Nfd7 5. Nf3 c5 6. Bb5 Nc6 7. Bxc6 bxc6 8. O-O cxd4 9. Nxd4 c5 10. Nf3 Qb6 11. Re1 Be7 12. Bg5 Bxg5 13. Nxg5 h6 14. Nxf7 Kxf7 15. Nxd5 Qb7 16. Qf3+ Nf6 17. exf6 Qxd5 18. fxg7+ Kxg7 19. Re4 h5 20. Qc3+ Kg8 21. Re5 Qd4 22. Rg5+ Kf7 23. Qf3+ Qf6 24. Qg3 e5 25. Rxe5 Rg8 26. Qb3+ Be6 27. Qb7+ Qe7 28. Qf3+ Qf6 29. Qxh5+ Rg6 30. Rae1 Rh8 31. Qe2 Qh4 32. Qf3+ Rf6 33. Qg3 Qxg3 34. hxg3 Rb8 35. Rxc5 Rxb2 36. Rc7+ Kg6 37. Rxa7 Rxc2 38. Ra6 Rfxf2 39. Raxe6+ Kg7 1/2-1/2

[Event "Match Montreal-France"]
[Site "Montreal CAN"]
[Date "1998.07.03"]
[Round "1"]
[White "Desbonnes, Samy"]
[Black "Hua, Lefong"]
[Result "1-0"]
[WhiteElo "2235"]
[BlackElo "2200"]
[PlyCount "91"]
[GameId "2160767911872820"]
[EventDate "1998.07.03"]
[EventType "team"]
[EventRounds "1"]
[EventCountry "CAN"]

1. e4 c5 2. Nf3 d6 3. d4 cxd4 4. Nxd4 Nf6 5. Nc3 g6 6. Be2 Bg7 7. O-O Nc6 8. Nb3 O-O 9. Re1 Be6 10. Bf1 Rc8 11. Nd5 Bxd5 12. exd5 Nb4 13. c4 b5 14. a3 bxc4 15. axb4 cxb3 16. Qxb3 Rc7 17. Be3 Qb8 18. h3 Nd7 19. Ra5 Rb7 20. Bd2 Re8 21. Bc3 Be5 22. Rea1 Rc8 23. Qa3 Rcc7 24. Ba6 Rb6 25. Be2 Rbb7 26. Ba6 Rb6 27. Re1 h5 28. Qa4 Bf6 29. Bb5 Qc8 30. Bc6 Ne5 31. b5 Nxc6 32. dxc6 Bxc3 33. bxc3 d5 34. Qd4 Qd8 35. c4 e6 36. Rd1 Re7 37. Rda1 Qb8 38. Qc5 Rc7 39. cxd5 exd5 40. Qxd5 Re7 41. Rd1 Kh7 42. g3 Qe8 43. Kg2 Re5 44. Qd7 Re7 45. Qxe8 Rxe8 46. Rd7 1-0

[Event "Match Montreal-France"]
[Site "Montreal CAN"]
[Date "1998.07.03"]
[Round "1"]
[White "Eliet, Nicolas"]
[Black "Berube, Richard"]
[Result "1-0"]
[WhiteElo "2405"]
[BlackElo "2310"]
[PlyCount "85"]
[GameId "2160767911872822"]
[EventDate "1998.07.03"]
[EventType "team"]
[EventRounds "1"]
[EventCountry "CAN"]

1. d4 Nf6 2. Nf3 g6 3. Nc3 d5 4. Bf4 Bg7 5. e3 O-O 6. Be2 b6 7. Ne5 Bb7 8. h4 h6 9. h5 g5 10. Bxg5 hxg5 11. h6 Bxh6 12. Rxh6 Kg7 13. Rh3 Rh8 14. Qd3 Rxh3 15. gxh3 Ne4 16. Nxe4 dxe4 17. Qb3 Bd5 18. Bc4 e6 19. Bxd5 Qxd5 20. Qc3 Na6 21. O-O-O Qxa2 22. Nc4 f6 23. b3 b5 24. Nd2 Qa3+ 25. Kb1 Qb4 26. Qc6 Qa3 27. Nxe4 Qa2+ 28. Kc1 Qa3+ 29. Kd2 Qa5+ 30. Ke2 Rd8 31. Qxe6 Rf8 32. h4 Qb6 33. Qxb6 axb6 34. hxg5 f5 35. Nf6 Nb4 36. c3 Nc6 37. Kf3 Kg6 38. Rh1 Ra8 39. Kf4 Ra2 40. f3 Ne7 41. Rh6+ Kf7 42. Rh7+ Ke6 43. d5+ 1-0

[Event "Match Montreal-France"]
[Site "Montreal CAN"]
[Date "1998.07.03"]
[Round "1"]
[White "Goldenberg, Danny"]
[Black "Gouret, Thierry"]
[Result "1/2-1/2"]
[WhiteElo "2320"]
[BlackElo "2275"]
[PlyCount "57"]
[GameId "2160767911872823"]
[EventDate "1998.07.03"]
[EventType "team"]
[EventRounds "1"]
[EventCountry "CAN"]

1. e4 c5 2. Nf3 Nc6 3. d4 cxd4 4. Nxd4 e5 5. Nf5 d5 6. Qxd5 Qxd5 7. exd5 Bxf5 8. dxc6 bxc6 9. c3 Be7 10. Nd2 Bg5 11. Nc4 Bxc1 12. Rxc1 O-O-O 13. Be2 f6 14. Ne3 Be6 15. Bc4 Bxc4 16. Nxc4 Ne7 17. Rd1 Nd5 18. g3 Kc7 19. O-O Nb6 20. Nxb6 axb6 21. a4 Rd5 22. Rxd5 cxd5 23. f4 e4 24. Rd1 Kc6 25. Kf2 f5 26. Rd4 Ra8 27. Rb4 Kc5 28. Rb5+ Kc6 29. Rb4 1/2-1/2

[Event "Match Montreal-France"]
[Site "Montreal CAN"]
[Date "1998.07.03"]
[Round "1"]
[White "Lajarige, Helene"]
[Black "Bachand-Fleurent, Julien"]
[Result "0-1"]
[WhiteElo "1490"]
[BlackElo "1727"]
[PlyCount "59"]
[GameId "2160767911872824"]
[EventDate "1998.07.03"]
[EventType "team"]
[EventRounds "1"]
[EventCountry "CAN"]

1. e4 e6 2. d4 d5 3. exd5 exd5 4. Nf3 Nc6 5. Bb5 Bd6 6. O-O Nge7 7. Be3 Bg4 8. Nbd2 Qd7 9. c4 dxc4 10. Bxc4 Ng6 11. Re1 O-O-O 12. Be2 h5 13. Bg5 f6 14. Bh4 Nxh4 15. Nxh4 Nxd4 16. Ndf3 Nxe2+ 17. Qxe2 Rhe8 18. Qc2 g5 19. h3 Be6 20. Ng6 Bf5 21. Qc3 Qf7 22. Ngh4 gxh4 23. Nxh4 Bh7 24. Qf3 Rxe1+ 25. Rxe1 Re8 26. Rxe8+ Qxe8 27. Kf1 Qb5+ 28. Ke1 Qb4+ 29. Qc3 Qxh4 30. Qe3 0-1

[Event "Match Montreal-France"]
[Site "Montreal CAN"]
[Date "1998.07.03"]
[Round "1"]
[White "Wenaas, Eric"]
[Black "Vaugeois, Cyrille"]
[Result "0-1"]
[WhiteElo "2172"]
[BlackElo "2165"]
[PlyCount "68"]
[GameId "2160767911872825"]
[EventDate "1998.07.03"]
[EventType "team"]
[EventRounds "1"]
[EventCountry "CAN"]

1. Nf3 c5 2. c4 Nf6 3. g3 b6 4. Bg2 Bb7 5. O-O e6 6. Nc3 Be7 7. d4 cxd4 8. Qxd4 O-O 9. Rd1 Nc6 10. Qf4 Qb8 11. Qxb8 Raxb8 12. Bf4 Rbc8 13. Bd6 Bxd6 14. Rxd6 Na5 15. b3 Bc6 16. Ne5 Bxg2 17. Kxg2 Nb7 18. Rd2 d6 19. Nf3 d5 20. Ne5 Na5 21. Nb5 dxc4 22. Nd6 Rc5 23. Ndxc4 Nxc4 24. Nxc4 g6 25. Rad1 Nd5 26. e4 Nc3 27. Re1 b5 28. Nb2 Re5 29. f3 f5 30. Rc1 b4 31. Nd3 Rd8 32. Rcc2 Rb5 33. a4 Rb6 34. exf5 Rbd6 0-1

[Event "Mauricie ch"]
[Site "Trois-Rivieres CAN"]
[Date "1998.03.21"]
[Round "2"]
[White "Wenaas, Eric"]
[Black "Therrien, Michel"]
[Result "1-0"]
[WhiteElo "2117"]
[BlackElo "2006"]
[PlyCount "51"]
[GameId "2160767911873736"]
[EventDate "1998.03.20"]
[EventType "swiss"]
[EventRounds "5"]
[EventCountry "CAN"]

1. c4 f5 2. Nc3 Nf6 3. g3 g6 4. Bg2 Bg7 5. Nf3 O-O 6. O-O d6 7. d3 e5 8. Rb1 c6 9. b4 a6 10. a4 Qe7 11. b5 axb5 12. axb5 e4 13. dxe4 Nxe4 14. Nxe4 fxe4 15. Nd4 Qf6 16. bxc6 bxc6 17. Be3 Ba6 18. Bxe4 Bxc4 19. Nxc6 Qe6 20. Ne7+ Qxe7 21. Bxa8 Qe5 22. Bg2 Nd7 23. Rb4 Bf7 24. Bd4 Qe6 25. Bxg7 Kxg7 26. Rd4 1-0

[Event "Mauricie ch"]
[Site "Trois-Rivieres CAN"]
[Date "1998.03.22"]
[Round "4"]
[White "Panarotto, Daniel"]
[Black "Larochelle, Martial"]
[Result "0-1"]
[WhiteElo "1862"]
[BlackElo "2075"]
[PlyCount "44"]
[GameId "2160767911873738"]
[EventDate "1998.03.20"]
[EventType "swiss"]
[EventRounds "5"]
[EventCountry "CAN"]

1. e4 c5 2. Nf3 d6 3. d4 cxd4 4. Nxd4 Nf6 5. Nc3 g6 6. Be3 Bg7 7. Bc4 O-O 8. O-O Nc6 9. h3 Nxe4 10. Nxe4 d5 11. Nxc6 bxc6 12. c3 dxc4 13. Qa4 Be6 14. Rfd1 Qc7 15. Nd2 Rfb8 16. Nxc4 Bxc4 17. Qxc4 Rxb2 18. Rab1 Rab8 19. Rxb2 Rxb2 20. Qd3 Qd6 21. Qxd6 exd6 22. Rxd6 Rb1+ 0-1

[Event "Mauricie ch"]
[Site "Trois-Rivieres CAN"]
[Date "1998.03.22"]
[Round "4"]
[White "Peltrault, Frederic"]
[Black "Regnier, Alain"]
[Result "0-1"]
[WhiteElo "2305"]
[BlackElo "1932"]
[PlyCount "58"]
[GameId "2160767911873739"]
[EventDate "1998.03.20"]
[EventType "swiss"]
[EventRounds "5"]
[EventCountry "CAN"]

1. e4 e6 2. d4 d5 3. e5 c5 4. c3 Qd7 5. Nf3 b6 6. Be3 Ba6 7. Bxa6 Nxa6 8. O-O Rc8 9. Qe2 Nb8 10. Nbd2 Ne7 11. Rfd1 Nf5 12. Nf1 Nc6 13. g4 Nxe3 14. Nxe3 cxd4 15. cxd4 Be7 16. Kh1 O-O 17. g5 f6 18. gxf6 gxf6 19. Ng4 f5 20. Ne3 Qe8 21. Ng2 f4 22. a3 Kh8 23. Qd3 Na5 24. Rd2 Qh5 25. Nge1 Qh3 26. Rad1 Rg8 27. Ng1 Rxg1+ 28. Kxg1 Rg8+ 29. Kh1 f3 0-1

[Event "Mauricie ch"]
[Site "Trois-Rivieres CAN"]
[Date "1998.03.22"]
[Round "5"]
[White "Chu, Stefanie"]
[Black "Therrien, Michel"]
[Result "1-0"]
[WhiteElo "1751"]
[BlackElo "2006"]
[PlyCount "53"]
[GameId "2160767911873741"]
[EventDate "1998.03.20"]
[EventType "swiss"]
[EventRounds "5"]
[EventCountry "CAN"]

1. e4 d6 2. d4 Nf6 3. Nc3 g6 4. Nf3 Bg7 5. Be3 O-O 6. Qd2 c6 7. Bh6 b5 8. Bxg7 Kxg7 9. Bd3 b4 10. Ne2 a5 11. Ng3 Ba6 12. e5 Ng8 13. h4 Bxd3 14. cxd3 dxe5 15. dxe5 Qd5 16. h5 Nd7 17. d4 c5 18. Rh4 Rfd8 19. Qg5 f6 20. exf6+ Ndxf6 21. Ne5 cxd4 22. hxg6 hxg6 23. Nf5+ Kf8 24. Nxg6+ Ke8 25. Rxd4 Qe6+ 26. Kf1 Rxd4 27. Ng7+ 1-0

[Event "Mauricie ch U1400"]
[Site "Trois-Rivieres CAN"]
[Date "1998.03.21"]
[Round "3"]
[White "Brousseau, Charles"]
[Black "Alain, Christian"]
[Result "0-1"]
[WhiteElo "1281"]
[BlackElo "1396"]
[PlyCount "48"]
[GameId "2160767911873743"]
[EventDate "1998.03.20"]
[EventType "swiss"]
[EventRounds "5"]
[EventCountry "CAN"]

1. e4 e6 2. d4 d5 3. Nd2 c5 4. c3 cxd4 5. cxd4 dxe4 6. Nxe4 Nc6 7. Bb5 Bd7 8. Nf3 a6 9. Ba4 Rc8 10. O-O Be7 11. d5 exd5 12. Qxd5 Nf6 13. Nd6+ Bxd6 14. Qxd6 Ne7 15. Bxd7+ Qxd7 16. Qxd7+ Nxd7 17. Re1 f6 18. Bf4 Kf7 19. Rad1 Nb6 20. Rc1 Ned5 21. Bg3 Na4 22. b3 Nac3 23. a3 Ne2+ 24. Kf1 Nxc1 0-1

[Event "Mauricie ch U1400"]
[Site "Trois-Rivieres CAN"]
[Date "1998.03.22"]
[Round "5"]
[White "Gonthier-Brazeau, Philippe"]
[Black "Lajoie, Jacques"]
[Result "1-0"]
[WhiteElo "1378"]
[BlackElo "1434"]
[PlyCount "85"]
[GameId "2160767911873744"]
[EventDate "1998.03.20"]
[EventType "swiss"]
[EventRounds "5"]
[EventCountry "CAN"]

1. e4 e5 2. Nf3 d6 3. Nc3 Bd7 4. Bc4 h6 5. d3 Nf6 6. O-O c5 7. Be3 Nc6 8. h3 Qc8 9. Kh2 g5 10. Bxg5 hxg5 11. Nxg5 Be6 12. Nxe6 fxe6 13. Nb5 a6 14. Bxe6 Qd8 15. Nc3 Qe7 16. Nd5 Nxd5 17. Bxd5 Nb4 18. Bb3 O-O-O 19. c3 Nc6 20. Qg4+ Kb8 21. Rae1 Bh6 22. g3 Rdf8 23. Kg2 Rhg8 24. Bxg8 Qf6 25. Re2 Ne7 26. Bh7 Rf7 27. Bf5 Rg7 28. Qh5 Rg5 29. Qe8+ Ka7 30. Bg4 Rg8 31. Qd7 Rg7 32. Qe6 Qxe6 33. Bxe6 Bf4 34. Bg4 Bh6 35. f4 Nc6 36. f5 Rf7 37. Bh5 Rf8 38. h4 Nd8 39. g4 Bf4 40. Rxf4 exf4 41. Kf3 Nc6 42. Kxf4 Ne5 43. d4 1-0

[Event "Mauricie ch U1400"]
[Site "Trois-Rivieres CAN"]
[Date "1998.03.22"]
[Round "5"]
[White "Hebert, Mario"]
[Black "Tessier, Olivier"]
[Result "1/2-1/2"]
[WhiteElo "1342"]
[BlackElo "1123"]
[PlyCount "112"]
[GameId "2160767911873745"]
[EventDate "1998.03.20"]
[EventType "swiss"]
[EventRounds "5"]
[EventCountry "CAN"]

1. c4 c5 2. Nf3 Nc6 3. d4 cxd4 4. Nxd4 e5 5. Nb5 Nf6 6. Nd6+ Bxd6 7. Qxd6 Qb6 8. Nc3 Qd4 9. Nb5 Ne4 10. Qxd4 Nxd4 11. Nxd4 exd4 12. g3 O-O 13. Bg2 Nf6 14. O-O a5 15. Rd1 Re8 16. Kf1 Ra6 17. Rxd4 Rae6 18. e3 b6 19. b3 Ba6 20. a4 Rd8 21. Kg1 Rb8 22. Ba3 Ree8 23. Rad1 Bb7 24. Bd6 Bxg2 25. Bxb8 Bf3 26. Bc7 Bxd1 27. Rxd1 Re6 28. Bd8 Ne4 29. Rxd7 Nc5 30. Ra7 h6 31. Bc7 Nxb3 32. Ra8+ Kh7 33. Rb8 Nd2 34. Rxb6 Rxb6 35. Bxb6 Nxc4 36. Bc7 Kg6 37. Kf1 Kf5 38. Ke2 Kg4 39. h4 g6 40. e4 g5 41. f3+ Kh5 42. hxg5 hxg5 43. Kd3 Nb2+ 44. Kd4 Nxa4 45. Bxa5 Nb2 46. Bc7 Nd1 47. f4 gxf4 48. gxf4 Nf2 49. Ke5 Kg6 50. f5+ Kg7 51. Kf4 f6 52. e5 fxe5+ 53. Bxe5+ Kf7 54. Kg5 Nd3 55. Bd4 Nb4 56. Bc5 Nd5 1/2-1/2

[Event "Mauricie ch U1600"]
[Site "Trois-Rivieres CAN"]
[Date "1998.03.22"]
[Round "4"]
[White "Simard, Jole"]
[Black "Vandal, Eric"]
[Result "0-1"]
[WhiteElo "1438"]
[BlackElo "1495"]
[PlyCount "56"]
[GameId "2160767911873746"]
[EventDate "1998.03.20"]
[EventType "swiss"]
[EventRounds "5"]
[EventCountry "CAN"]

1. d4 d5 2. c4 e6 3. Nc3 Nf6 4. Bg5 Be7 5. Nf3 O-O 6. e3 Nbd7 7. Bd3 a6 8. Qc2 dxc4 9. Bxc4 b5 10. Bd3 Bb7 11. e4 h6 12. Be3 c5 13. O-O cxd4 14. Nxd4 Rc8 15. a3 Ne5 16. Rad1 Nxd3 17. Qxd3 Qc7 18. Rc1 Qb8 19. Nde2 Rfd8 20. Qb1 e5 21. f4 Ng4 22. Bf2 Nxf2 23. Rxf2 Bc5 24. Rcf1 Bxf2+ 25. Rxf2 f6 26. fxe5 fxe5 27. Qa2+ Kh7 28. Qf7 Rf8 0-1

[Event "Mauricie ch U1600"]
[Site "Trois-Rivieres CAN"]
[Date "1998.03.22"]
[Round "5"]
[White "Durand, Anthony"]
[Black "Serra, Luc"]
[Result "1-0"]
[WhiteElo "1575"]
[BlackElo "1610"]
[PlyCount "91"]
[GameId "2160767911873747"]
[EventDate "1998.03.20"]
[EventType "swiss"]
[EventRounds "5"]
[EventCountry "CAN"]

1. d4 d6 2. e4 g6 3. Nf3 Bg7 4. Bc4 Bg4 5. Bxf7+ Kxf7 6. Ng5+ Ke8 7. Qxg4 Nf6 8. Qh3 Qd7 9. Ne6 Rg8 10. Nc3 Nc6 11. Bg5 Nb4 12. O-O-O Qc6 13. Bxf6 Bxf6 14. Qxh7 Kd7 15. Qh3 Ke8 16. a3 Na6 17. Rhe1 b5 18. e5 Bh8 19. Qd3 Rb8 20. exd6 cxd6 21. d5 Qb6 22. Nd4 b4 23. Na4 Qb7 24. Nc6 Bf6 25. Nxb8 Nxb8 26. axb4 Qxb4 27. Qb3 Qf4+ 28. Kb1 Kf7 29. Nc3 Nd7 30. Qa4 Qxa4 31. Nxa4 Rb8 32. b3 Ne5 33. Re4 Nd7 34. Rc4 Ne5 35. Rc7 a5 36. h3 g5 37. Ka2 Ng6 38. c4 Nf4 39. c5 dxc5 40. Nxc5 Be5 41. d6 Kg6 42. Rxe7 Bf6 43. Rc7 Re8 44. d7 Re2+ 45. Ka3 Bd8 46. Rc8 1-0

[Event "Mauricie ch U1800"]
[Site "Trois-Rivieres CAN"]
[Date "1998.03.21"]
[Round "2"]
[White "Fernandez, Lautaro"]
[Black "Nguyen, Christopher"]
[Result "0-1"]
[WhiteElo "1690"]
[BlackElo "1767"]
[PlyCount "62"]
[GameId "2160767911873748"]
[EventDate "1998.03.20"]
[EventType "swiss"]
[EventRounds "5"]
[EventCountry "CAN"]

1. e4 c5 2. Nf3 e6 3. d4 cxd4 4. Nxd4 Nf6 5. Nc3 Nc6 6. Be3 Bb4 7. Bd3 d5 8. f3 O-O 9. O-O Bc5 10. Nce2 Qb6 11. c3 e5 12. b4 Bxd4 13. cxd4 dxe4 14. fxe4 exd4 15. Bg5 Ng4 16. a3 Be6 17. Nf4 Ne3 18. Qh5 Bg4 19. Qh4 Ne5 20. Nd5 Nxd5 21. exd5 Nxd3 22. Qxg4 Ne5 23. Qg3 f6 24. Bxf6 Rxf6 25. Qxe5 d3+ 26. Kh1 Rf2 27. d6 d2 28. d7 Raf8 29. Qd5+ Kh8 30. Rxf2 Qxf2 31. d8=Q Qe1+ 0-1

[Event "Mauricie ch U1800"]
[Site "Trois-Rivieres CAN"]
[Date "1998.03.21"]
[Round "3"]
[White "Nguyen, Christopher"]
[Black "Bachand-Fleurent, Julien"]
[Result "1/2-1/2"]
[WhiteElo "1767"]
[BlackElo "1691"]
[PlyCount "35"]
[GameId "2160767911873749"]
[EventDate "1998.03.20"]
[EventType "swiss"]
[EventRounds "5"]
[EventCountry "CAN"]

1. Nf3 d5 2. d4 c6 3. e3 Bf5 4. c4 e6 5. Nc3 Nf6 6. Be2 Nbd7 7. Nh4 Bg6 8. O-O Bd6 9. g3 O-O 10. Nxg6 hxg6 11. b3 Be7 12. Bf3 Qc7 13. Bb2 Rfd8 14. cxd5 exd5 15. Qc2 Nf8 16. a3 Qd7 17. Bg2 Qg4 18. b4 1/2-1/2